00342nam a2200121Ia 4500008004100000041000800041082001600049100002100065245004500086260004700131300003100178365001100209240624s9999 xx 000 0 und d aeng a658.421 CAR aCARDULLO MARIO W aTECHNOLOGICAL ENTREPRENEURISM ENTERPRISE c1999aEnglandbResearch Studies Press LTD. axix, : 447 : p. : cm. ; 23 cRSb25